Vybrané problémy účtovania zásob podľa Všeobecných účtovných zásad (US GAAP) v porovnaní so slovenskou právnou úpravou

Saved in:
Bibliographic Details
Main Author: Rusňáková, Lucia
Other Authors: Máziková, Katarína
Format: Book Chapter
Language:Slovak
Tags: Add Tag
No Tags, Be the first to tag this record!

MARC

LEADER 00000naa$a2200000$$$4500
001 0118272
005 20240502072326.6
041 0 |a slo 
044 |a SK 
245 1 0 |a Vybrané problémy účtovania zásob podľa Všeobecných účtovných zásad (US GAAP) v porovnaní so slovenskou právnou úpravou  |c Lucia Rusňáková, Katarína Máziková 
100 1 |a Rusňáková, Lucia 
700 1 |a Máziková, Katarína